Indikátory koupě a prodeje cenných papírů jako základní nástroje technické analýzy burzovních indexů

Burzové indikátory - pomoc pri obchodovaní s cennými papiermi. Pojmy. Indikátory rozhodujúce o kúpe a predaji cenného papiera a informujúce o celkovej situácii na trhu s cennými papiermi. Indikátory založené na trhových cenách cenných papierov. Indikátory závislé na voľbe portfolia cenných papierov....

Descrizione completa

Salvato in:
Dettagli Bibliografici
Autore principale: Brada, J.
Natura: Capitolo di libro
Lingua:ceco
Soggetti:
Tags: Aggiungi Tag
Nessun Tag, puoi essere il primo ad aggiungerne!!

MARC

LEADER 00000naa a2200000 4500
001 r017884
005 20220818110625.7
041 0 |a cze 
044 |a CZ 
245 1 0 |a Indikátory koupě a prodeje cenných papírů jako základní nástroje technické analýzy burzovních indexů  |c J. Brada 
520 |a Burzové indikátory - pomoc pri obchodovaní s cennými papiermi. Pojmy. Indikátory rozhodujúce o kúpe a predaji cenného papiera a informujúce o celkovej situácii na trhu s cennými papiermi. Indikátory založené na trhových cenách cenných papierov. Indikátory závislé na voľbe portfolia cenných papierov. Indikátory založené na obchodovaných objemoch cenných papierov. 
610 2 0 |a papiere cenné 
610 2 0 |a predaj 
610 2 0 |a kúpa 
610 2 0 |a analýza technická 
610 2 0 |a burzy 
610 2 0 |a indexy 
610 2 0 |a obchody burzové 
610 2 0 |a ceny burzové 
610 2 0 |a ceny trhové 
610 2 0 |a pojmy 
100 1 |a Brada, J.